00301nam a2200121Ia 4500008004000000020001500040041000800055082001600063100001500079245002300094260004900117300001300166210210b2010 xxu||||| |||| 00| 0 eng d a8178330946 aeng a633.83 NIIH aNIIR BOARD aHandbook on spices aDelhibAsia Pacific Business Press Incc2010 aviii,416